Taking Sides: (Record no. 14470)

000 -LEADER
fixed length control field 00594nam a22001697a 4500
008 - FIXED-LENGTH DATA ELEMENTS--GENERAL INFORMATION
fixed length control field 161003b xxu||||| |||| 00| 0 eng d
020 ## - INTERNATIONAL STANDARD BOOK NUMBER
International Standard Book Number 0072933038
050 ## - LIBRARY OF CONGRESS CALL NUMBER
Classification number LA 217.2 .N65 2004
100 ## - MAIN ENTRY--PERSONAL NAME
Personal name edited by Noll, James Wm.
245 ## - TITLE STATEMENT
Title Taking Sides:
Remainder of title clashing views on controversial educationl issues/
Statement of responsibility, etc. James Wm. Noll
250 ## - EDITION STATEMENT
Edition statement 12th ed.
260 ## - PUBLICATION, DISTRIBUTION, ETC. (IMPRINT)
Place of publication, distribution, etc. Guilford, Connecticut:
Name of publisher, distributor, etc. McGraw-Hill/Dushkin,
Date of publication, distribution, etc. 2004
300 ## - PHYSICAL DESCRIPTION
Extent xvi, 451p. :
Other physical details ill. ;
500 ## - GENERAL NOTE
General note Includes references and index.
650 ## - SUBJECT ADDED ENTRY--TOPICAL TERM
Topical term or geographic name as entry element Education
Geographic subdivision United States
942 ## - ADDED ENTRY ELEMENTS (KOHA)
Source of classification or shelving scheme
Koha item type Hard Covered Materials
Classification part LA 217.2 .N65 2004
Holdings
Withdrawn status Lost status Source of classification or shelving scheme Damaged status Not for loan Home library Current library Shelving location Date acquired Source of acquisition Total Checkouts Full call number Barcode Date last seen Date last checked out Price effective from Koha item type
          MACHAKOS UNIVERSITY LIBRARY MACHAKOS UNIVERSITY LIBRARY Open shelf 03/10/2016 Donation (BFA) 1 LA 217.2 .N65 2004 26327 16/09/2024 07/09/2024 03/10/2016 Hard Covered Materials
© Machakos University Library, Along The Highway, Machakos Wote Rd, Machakos, Kenya P.O. Box 136 - 90100 Machakos - Kenya

Tel: ( +254 ) 723 805829 OR Fax : 044-20353 OR Email: library@mksu.ac.ke